| 000 | 00541nam a2200169Ia 4500 | ||
|---|---|---|---|
| 999 |
_c22663 _d22663 |
||
| 003 | OSt | ||
| 005 | 20200520124825.0 | ||
| 008 | 190216s9999||||xx |||||||||||||| ||und|| | ||
| 040 | _coclc | ||
| 082 |
_a956 _bVAD/A |
||
| 100 |
_aVadakkangara, Amanulla _91953 |
||
| 245 | 0 |
_aArabi Sahitya Charitram / _cAmanulla Vadakkangara |
|
| 260 |
_bAl Huda Book Stall, _a2006. _cCalicut: |
||
| 300 | _a315p | ||
| 650 | 0 |
_xIslamic History _92271 _aHistory & geography _vIslamic History |
|
| 942 |
_cBK _2ddc _h956 _iVAD/A _k956 _mVAD/A |
||